| 000 | 00725nam a22001937a 4500 | ||
|---|---|---|---|
| 999 |
_c7027 _d7027 |
||
| 003 | CISL | ||
| 005 | 20260112015847.0 | ||
| 008 | 260112t2011 bg |||g |||| 000 f|ben|d | ||
| 020 | _a9847030700934 | ||
| 040 | _cCISL | ||
| 082 |
_222 _a891.44371 _bCSP |
||
| 100 |
_aচট্টোপাধ্যায়, শরৎচন্দ্র _4Sarat Chandra Chattopadhyay |
||
| 245 |
_aপল্লী সমাজ / _cশরৎচন্দ্র চট্টোপাধ্যায় |
||
| 260 |
_aঢাকা: _bশব্দশিল্প, _c[c2011] |
||
| 300 |
_a১০৯ পৃ. _b২১.০৫ সে.মি. |
||
| 650 |
_xBengali literature _xNovel _zBangladesh |
||
| 650 | _xJuvenile Literature | ||
| 942 |
_2ddc _cBK |
||